Elementos más comunes en el cuerpo humano - Estadísticas

Estadísticas generales
  • Esta prueba ha sido intentada 7.958 veces
  • La puntuación promedio es 8 de 12
Estadísticas de respuestas
Proporción Elemento % Correcto
65% Oxígeno
97%
10% Hidrógeno
89%
18% Carbono
82%
3% Nitrógeno
76%
1,4% Calcio
73%
0,006% Hierro
72%
0,25% Potasio
68%
0,15% Sodio
60%
0,05% Magnesio
56%
1,1% Fósforo
47%
0,25% Azufre
41%
0,15% Cloro
37%
No se encontraron pruebas coincidentes
Distribución de puntuación
Porcentaje de gente con cada puntuación
Porcentaje por número respondido
Historial de tus puntuaciones
No has intentado esta prueba.